LEADER 02647nam 2200421 450 001 9910629585103321 005 20230515043544.0 024 7 $a10.1515/9783110775761 035 $a(CKB)5590000001000932 035 $a(NjHacI)995590000001000932 035 $a(EXLCZ)995590000001000932 100 $a20230515d2022 uy 0 101 0 $aeng 135 $aur||||||||||| 181 $ctxt$2rdacontent 182 $cc$2rdamedia 183 $acr$2rdacarrier 200 00$aImage, Text, Stone $eIntermedial Perspectives on Graeco-Roman Sculpture /$fedited by Nikolaus Dietrich and Johannes Fouquet 210 1$aBerlin ;$aBoston :$cDe Gruyter,$d[2022] 210 4$dİ2022 215 $a1 online resource (viii, 374 pages) $cillustrations 225 1 $aMateriale Textkulturen ;$v36 311 $a3-11-077580-8 330 $aThis edited volume explores the intermediality of image and text in Graeco-Roman sculpture. Through its choice of authors, disciplinary backgrounds are deliberately merged in order to bridge the traditional gap between archaeologists, epigraphists and philologists, who for a long time studied statues, material inscriptions and literary epigrams within the closely confined borders of their individual disciplines. Through its choice of objects, privileging works of which there are significant material remains, through its inclusion of all kinds of figural-cum-inscriptional designs, ranging from grand sculpture to reliefs and 'decorative' marble-objects, and through its methodological emphasis on 'close viewing' (and reading!) of individual objects, this volume focuses on the materiality of both sculpture and inscription. This perspective is enriched by two comparative chapters on inscribing Greek vases and Roman walls (graffiti). The intermediality of image and inscription is envisaged from various thematic angles, including the intricacies of combining image and epigram (both materially and in literary projection), the original production and reception of inscribed sculpture in its 'long life', the viewing and 'reading' of sculpture in a space of movement, the issue of (re-)naming statues, and the image and inscription in its social and gender-historical context. 410 0$aMateriale Textkulturen ;$v36. 606 $aSculpture, Classical 606 $aSculpture, Greek 615 0$aSculpture, Classical. 615 0$aSculpture, Greek. 676 $a733 702 $aDietrich$b Nikolaus 702 $aFouquet$b Johannes 801 0$bNjHacI 801 1$bNjHacl 906 $aBOOK 912 $a9910629585103321 996 $aImage, Text, Stone$92898702 997 $aUNINA LEADER 01007nam a2200277 4500 001 991002011749707536 008 130405s1972 nyua b 001 0 eng d 035 $ab14106826-39ule_inst 040 $aDip.to Fisica$beng 082 00$a530.1/5/9408 084 $aLC QA401 084 $a52.9.5 245 00$aSeismology:$bbody waves and sources /$cBruce A. Bolt (volume editor) 260 $aNew York,$bAcademic Press,$c1972 300 $ax, 391 p.$bill.;$c24 cm 440 0$aMethods in computational physics ;$v12 504 $aIncludes bibliographies 650 0$aSeismic waves 650 0$aFree earth oscillations 700 1 $aBolt, Bruce A.$eauthor$4http://id.loc.gov/vocabulary/relators/aut$042988 907 $a.b14106826$b28-01-14$c05-04-13 912 $a991002011749707536 945 $aLE006 52.9.5 ALD$g1$i2006000024464$lle006$op$pE0.00$q-$rl$s- $t0$u0$v0$w0$x0$y.i15496223$z05-04-13 996 $aSeismology$91442876 997 $aUNISALENTO 998 $ale006$b05-04-13$cm$da $e-$feng$gnyu$h0$i0